000 00510nam a22001937a 4500
003 KOHA_MİRAKIL
005 20251224115502.0
008 251224b tu ||||| |||| 00| 0 tur d
020 _a9786051968599
040 _aTR-AnABB
_btur
_cTR-AnABB
041 _atur
082 _a304.23
_bAYH 2022
100 1 _aAyhan, Döne,
245 1 0 _aMekânsal aidiyet /
260 _aİstanbul :
_bÇizgi Kitabevi Yayınları,
_c2022
300 _a294 sayfa ;
_c21 cm
650 0 4 _aSosyoloji
942 _2ddc
_cBK
999 _c9903
_d9903
900 _bGizem YORULMAZ